• 首页
  • 本馆介绍
  • 公告通知
  • 最新文献
  • 馆藏检索
  • 电子资源
  • 读者导购
  • 参考咨询
  • 我的图书馆
  • 登录
  • 详细信息显示
  • 放入我的书架
  • 预约/预借图书
  • 作者相关作品
  • 分类相关作品
  • 丛书相关作品
  • 出版社相关作品

书目信息

  • 表格格式
  • 工作单格式
  • 卡片格式
题名:
滨海湿地保护法律问题研究
    
 
作者: 梅宏 著
分册:  
出版信息: 北京   中国法制出版社  2014
页数: 343页
开本: 21cm
丛书名:
单 册:
中图分类: D922.684
科图分类:
主题词: 海滨--沼泽化地--生态环境--环境保护法--研究--中国 , 海滨 , 沼泽化地 , 生态环境 , 环境保护法
电子资源:
ISBN: 978-7-5093-2504-9
000 01094nam0 2200289 450
001 523
005 20140908082308.93
010    @a978-7-5093-2504-9@dCNY36.00
100    @a20140324d2014 em y0chiy50 ea
101 0  @achi
102    @aCN@b110000
105    @aa z 000yy
106    @ar
200 1  @a滨海湿地保护法律问题研究@ABin Hai Shi Di Bao Hu Fa Lu^ Wen Ti Yan Jiu@f梅宏著@FMei Hong Zhu
210    @a北京@c中国法制出版社@d2014
215    @a343页@c图@d21cm
300    @a中国海洋大学“985工程”海洋发展人文社会科学研究基地建设经费资助 教育部人文社科重点研究基地中国海洋大学海洋发展研究院资助 中国海洋大学文科出版基金资助
330    @a本书对“法益”、“损害”、“立法模式”、“法律责任”、“法律调整机制”等法的核心范畴的内容予以更新,完善生态系统管理的法律保障,推动滨海湿地保护法律制度。
606 0  @a海滨@x沼泽化地@x生态环境@x环境保护法@x研究@y中国
606 0  @a海滨
606 0  @a沼泽化地
606 0  @a生态环境
606 0  @a环境保护法
690    @aD922.684@v5
701  0 @a梅宏@AMei Hong@4著
801  0 @aCN@bTANGWEI@c20140603
905    @b0841607-09@dD922.684@e1176@f3
    
    滨海湿地保护法律问题研究/梅宏著.-北京:中国法制出版社,2014
    343页:图;21cm
    中国海洋大学“985工程”海洋发展人文社会科学研究基地建设经费资助 教育部人文社科重点研究基地中国海洋大学海洋发展研究院资助 中国海洋大学文科出版基金资助
    
    ISBN 978-7-5093-2504-9:CNY36.00
    本书对“法益”、“损害”、“立法模式”、“法律责任”、“法律调整机制”等法的核心范畴的内容予以更新,完善生态系统管理的法律保障,推动滨海湿地保护法律制度。
●
相关链接 在E读中查询图书 在五车中查询图书 在当当中查询图书 在豆瓣中查询图书


正题名:滨海湿地保护法律问题研究     索取号:D922.684/1176         预约/预借

序号 登录号 条形码 馆藏地/架位号 状态 备注
1 0841607   208416070   第一样本阅览室/ [索取号:D922.684/1176] 在馆    
2 0841608   208416089   第一借阅区/ [索取号:D922.684/1176] 在馆    
3 0841609   208416098   密集书库-史法系/ [索取号:D922.684/1176] 在馆    
欢迎您!
大连网信软件有限公司© 版权所有